书目信息 |
| 题名: |
汉语国际推广背景下的词汇等级标准研究
|
|
| 作者: | 孙晓明 著 | |
| 分册: | ||
| 出版信息: | 北京 中央民族大学出版社 2013.11 |
|
| 页数: | 3,2,2,284页 | |
| 开本: | 23cm | |
| 丛书名: | 汉语国际传播与国际汉语教学研究丛书 | |
| 单 册: | ||
| 中图分类: | H195.3 | |
| 科图分类: | ||
| 主题词: | 汉语--词汇--对外汉语教学--课程标准--研究 , 汉语 | |
| 电子资源: | ||
| ISBN: | 978-7-5660-0564-9 | |
| 000 | 01343nam0 2200277 45 | |
| 001 | 517 | |
| 005 | 20141008151243.98 | |
| 010 | @a978-7-5660-0564-9@dCNY55.00 | |
| 100 | @a20140224d2013 ekmy0chiy0120 ea | |
| 101 | 0 | @achi |
| 102 | @aCN@b110000 | |
| 105 | @ak a 000yy | |
| 106 | @ar | |
| 200 | 1 | @a汉语国际推广背景下的词汇等级标准研究@AHan Yu Guo Ji Tui Guang Bei Jing Xia De Ci Hui Deng Ji Biao Zhun Yan Jiu@dA Study of Vocabulary Level Standards in the Context of International Chinese Language Teaching@f孙晓明著@FSun Xiao Ming Zhu@zeng |
| 210 | @a北京@c中央民族大学出版社@d2013.11 | |
| 215 | @a3,2,2,284页@c表@d23cm | |
| 225 | 2 | @a汉语国际传播与国际汉语教学研究丛书 |
| 330 | @a本书共分为五章。第一章 汉语国际推广背景下的词汇等级标准建设问题,第二章 第二语言学习者理解性词汇和产生性词汇在功能类上的分布,第三章 第二语言学习者理解性词汇量和产生性词汇量的比较,第四章 第二语言学习者的词汇学习策略研究,第五章 汉语国际推广背景下的词汇等级大纲。 | |
| 461 | 0 | @12001 @a汉语国际传播与国际汉语教学研究丛书 |
| 510 | 1 | @aA Study of Vocabulary Level Standards in the Context of International Chinese Language Teaching@zeng |
| 606 | 0 | @a汉语@x词汇@x对外汉语教学@x课程标准@x研究 |
| 606 | 0 | @a汉语 |
| 690 | @aH195.3@v5 | |
| 701 | 0 | @a孙晓明@ASun Xiao Ming@4著 |
| 801 | 0 | @aCN@bTANGWEI@c20141006 |
| 905 | @b0843364-66@dH195.3@e328@f3 | |
| 汉语国际推广背景下的词汇等级标准研究=A Study of Vocabulary Level Standards in the Context of International Chinese Language Teaching/孙晓明著.-北京:中央民族大学出版社,2013.11 |
| 3,2,2,284页:表;23cm.-(汉语国际传播与国际汉语教学研究丛书) |
| ISBN 978-7-5660-0564-9:CNY55.00 |
| 本书共分为五章。第一章 汉语国际推广背景下的词汇等级标准建设问题,第二章 第二语言学习者理解性词汇和产生性词汇在功能类上的分布,第三章 第二语言学习者理解性词汇量和产生性词汇量的比较,第四章 第二语言学习者的词汇学习策略研究,第五章 汉语国际推广背景下的词汇等级大纲。 |
| ● |
| 相关链接 |
|
|
|
|
正题名:汉语国际推广背景下的词汇等级标准研究
索取号:H195.3/328
 
预约/预借
| 序号 | 登录号 | 条形码 | 馆藏地/架位号 | 状态 | 备注 |
| 1 | 0843364 | 208433649 | 第二样本阅览室/ [索取号:H195.3/328] | 在馆 | |
| 2 | 0843365 | 208433658 | 第四借阅区/ [索取号:H195.3/328] | 在馆 | |
| 3 | 0843366 | 208433667 | 第四借阅区/ [索取号:H195.3/328] | 在馆 |